Subdivision Superlatives - Statistics

General Stats
  • This quiz has been taken 291 times
  • The average score is 21 of 36
Answer Stats
Country Superlative Type Subdivision % Correct
United States Largest area State Alaska
98%
United States Northernmost State Alaska
98%
United States Most populous State California
98%
United States Southernmost State Hawaii
98%
United States Smallest area State Rhode Island
98%
United States Least populous State Wyoming
91%
Canada Most populous Province Ontario
86%
Canada Southernmost Province Ontario
79%
Germany Largest area State Bavaria
78%
Canada Smallest area Province Prince Edward Island
77%
Canada Least populous Territory Nunavut
76%
Canada Northernmost Territory Nunavut
75%
Canada Largest area Territory Nunavut
74%
Germany Southernmost State Bavaria
73%
Italy Southernmost Autonomous region Sicily
67%
Italy Most populous Region Lombardy
62%
Italy Largest area Autonomous region Sicily
62%
Germany Smallest area State Bremen
60%
Germany Northernmost State Schleswig-Holstein
58%
Germany Most populous State North Rhine-Westphalia
52%
Spain Most populous Autonomous community Andalusia
51%
Germany Least populous State Bremen
50%
Spain Southernmost Autonomous community Canary Islands
45%
Italy Northernmost Autonomous region Trentino-South Tyrol
45%
Spain Northernmost Autonomous community Galicia
42%
Italy Smallest Area Autonomous region Aosta Valley
41%
Netherlands Most populous Province South Holland
41%
Italy Least populous Autonomous region Aosta Valley
39%
Spain Smallest area Autonomous community Balearic Islands
28%
Spain Least populous Autonomous community La Rioja
28%
Netherlands Northernmost Province Groningen
21%
Netherlands Southernmost Province Limburg
20%
Netherlands Least populous Province Zeeland
20%
Spain Largest area Autonomous community Castile and León
18%
Netherlands Largest area Province Friesland
17%
Netherlands Smallest area Province Flevoland
15%
No matching quizzes found
Score Distribution
Percent of People with Each Score
Percentile by Number Answered
Your Score History
You have not taken this quiz